LEADER 00917nam a2200241 u 4500 001 000000051460 003 CaOOAMICUS 005 20070226115335.0 008 000918s1965 njuac u000 u eng u 035 $a10855744 040 $aPUL(R)$bita 100 1 $aDulles, Allen.$0(OLS)http://pul/name/36976 245 14$aThe Craft of Intelligence /$cby Allen Dulles. 260 $aNew York :$bHarper & Row,$c1965. 300 $a255 p. :$bill., ritr. ;$c18 cm 500 $aInclude indici. 650 4$aSpionaggio e controspionaggio.$0(OLS)http://pul/subject/21569 850 $aPUL 852 $aPUL$W1$xDP1 Fondo Ciprotti$y59$m1538 B 33$j68146$nBK-PRI$b $qFondi$B68146$CPULBib$Z2$F68146 $H $81 941 1 $a1 961 $aINV: Fondo Ciprotti 996 $6245$aThe Craft of Intelligence$9(OLS)http://pul/title/69154 996 $6260$aNew York :$bHarper & Row$9(OLS)http://pul/publisher/57821 LEADER 01310nam a2200313 a 4500 001 000000174895 003 CaOOAMICUS 005 20220112114725.0 008 220112t2004 it u000 u ita r 020 $a88-343-5027-8* 032 $aLibriCat 040 $aPUL$bita$d 245 10$aSistema creditizio e sviluppo locale / $cPietro Abbadessa ... [et. al.] ; a cura di Mario Napoli. 260 $aMilano :$bVita e pensiero universitą,$c©2004. 300 $a125 p. ;$c22 cm 490 1 $aDiritto. Ricerche 504 $aBibliografia in nota. 700 1 $aNapoli, Mario,$d1915-1976.$0(OLS)http://pul/name/23561 700 1 $aAbbadessa, Pietro.$0(OLS)http://pul/name/77461 830 0$aRicerche (Vita e Pensiero). $pDiritto.$0(OLS)http://pul/title/200205 850 $aPUL 852 $aPUL$W1$xDP1 Cons. Gen., Altre Classi 1$y22$m389 F 3$j199199$qStampati$B203862$CPULBib$Z2$F203862 $H135349 $82 941 1 $a8 983 0$aDiritto.$pRicerche (Vita e pensiero) 983 0$aV & P. Diritto. Ricerche. 996 $6020$a88-343-5027-8*$9(OLS)http://pul/number/168432 996 $6245$aSistema creditizio e sviluppo locale / $9(OLS)http://pul/title/216265 996 $6260$aMilano :$bVita e pensiero universitą$9(OLS)http://pul/publisher/73555